000
00178 a2200097 4500
020
_a
9781338299328
041
_a
spa
100
_a
Gordon korma
245
_a
Holgazan
942
_c
BK
999
_c
28715
_d
28715